000 00366pab a2200133 454500
008 180718b1988 xxu||||| |||| 00| 0 eng d
100 _aAntonio, Marco Di
245 _aThe excess liquidity of commercial banking in Ethopia
260 _c1988
300 _a71-101
650 _aBanks - Ethopia
773 _aAfrican Review of Money Finance and Banking
909 _a4283
999 _c4283
_d4283